Introduction to mobile communications engineering (Record no. 583092)

000 -LEADER
fixed length control field 00530nam a22001817a 4500
003 - CONTROL NUMBER IDENTIFIER
control field CEME
005 - DATE AND TIME OF LATEST TRANSACTION
control field 20210628210029.0
008 - FIXED-LENGTH DATA ELEMENTS--GENERAL INFORMATION
fixed length control field 210210b xxu||||| |||| 00| 0 eng d
020 ## - INTERNATIONAL STANDARD BOOK NUMBER
International Standard Book Number 0-89006-391-5
040 ## - CATALOGING SOURCE
Transcribing agency .
082 ## - DEWEY DECIMAL CLASSIFICATION NUMBER
Classification number 621.3845 HER
100 ## - MAIN ENTRY--PERSONAL NAME
Personal name Perez-Fontan, F Hernando, Jose.M
9 (RLIN) 77911
245 ## - TITLE STATEMENT
Title Introduction to mobile communications engineering
260 ## - PUBLICATION, DISTRIBUTION, ETC.
Place of publication, distribution, etc. BOSTON
Name of publisher, distributor, etc. ARTECH HOUSE
Date of publication, distribution, etc. 1999
300 ## - PHYSICAL DESCRIPTION
Extent 535P
650 ## - SUBJECT ADDED ENTRY--TOPICAL TERM
Topical term or geographic name entry element MOBILE COMMUNICATIONS SYSTEMS COMMUNICATIONS ENGINEERING-MOBILE
9 (RLIN) 77912
942 ## - ADDED ENTRY ELEMENTS (KOHA)
Koha item type Book
Source of classification or shelving scheme
Holdings
Withdrawn status Lost status Damaged status Not for loan Permanent Location Current Location Shelving location Date acquired Total Checkouts Full call number Barcode Date last seen Price effective from Koha item type
        College of Electrical & Mechanical Engineering (CEME) College of Electrical & Mechanical Engineering (CEME) General Stacks 06/13/2017   621.3845 HER CEME-33448 06/28/2021 06/28/2021 Book
© 2023 Central Library, National University of Sciences and Technology. All Rights Reserved.